000 00302nam a22001337a 4500
008 170904b xxu||||| |||| 00| 0 eng d
020 _a0697002780
041 _aeng
080 _24TH
_a070
100 _a40
101 _aMED
245 _aMAGAZINE EDITING AND PRODUCTION
_cCLICK,J.W
942 _2udc
_cBK
999 _c25925
_d25925